000 00542nam a2200145 4500
999 _c6218
_d6218
008 170216b xxu||||| |||| 00| 0 eng d
082 _aDPer 910.5 T69 Jan-Aug 2015 v. 1-4
100 _918780
_aBouterakos, Maree
245 _aBe-yond extraordinary:
_bget to taste a very special kind of Cebu experience with be resorts Mactan/
_cMaree Bouterakos.
260 _aPhilippines:
_bOne Mega Group,
_c©2015.
300 _av2, pages 32-33:
_billustrations;
_c28 cm.
500 _aTravel Now.
650 0 _918781
_aResorts
_zCebu
942 _2ddc
_cPER